[Event "Styrian op U14/18 25th"]
[Site "Mureck"]
[Date "2018.08.07"]
[Round "7"]
[White "Wendl, Paul"]
[Black "Karner, Stefan"]
[Result "1/2-1/2"]
[WhiteElo "1377"]
[BlackElo "1543"]
[PlyCount "77"]
[EventDate "2018.08.01"]
[EventType "swiss"]
[EventRounds "9"]
[EventCountry "AUT"]
[SourceTitle "CBM 186 Extra"]
[Source "ChessBase"]
[SourceDate "2018.08.24"]
[SourceVersion "1"]
[SourceVersionDate "2018.08.24"]
[SourceQuality "1"]

1. e4 e5 2. Nf3 d6 3. Nc3 Nf6 4. Bc4 Be7 5. d3 Nbd7 6. 0-0 0-0 7. Re1 c6 8. Bb3 h6 9. Ne2 Qc7 10. c3 Rd8 11. Ng3 Nf8 12. Qe2 Ng6 13. h3 Be6 14. Nf5 Bxb3 15. axb3 Qd7 16. N3h4 Nxh4 17. Nxh4 Nh7 18. Nf5 Bf6 19. Qg4 Kf8 20. Re3 Bg5 21. Rg3 Nf6 22. Qf3 Bxc1 23. Rxc1 Ne8 24. h4 Qe6 25. h5 Rd7 26. Rg4 Qxb3 27. Qe2 f6 28. Ra1 a6 29. Ra3 Qf7 30. Rg3 d5 31. b3 dxe4 32. dxe4 Rad8 33. Re3 Rd2 34. Qf3 Rd1+ 35. Kh2 R1d2 36. c4 Nd6 37. g4 Nxf5 38. gxf5 Qe7 39. Ra1 1/2-1/2

[Event "Styrian op U14/18 25th"]
[Site "Mureck"]
[Date "2018.08.06"]
[Round "6"]
[White "Herzog, Alexander Martin"]
[Black "Karner, Stefan"]
[Result "0-1"]
[WhiteElo "1164"]
[BlackElo "1543"]
[PlyCount "120"]
[EventDate "2018.08.01"]
[EventType "swiss"]
[EventRounds "9"]
[EventCountry "AUT"]
[SourceTitle "CBM 186 Extra"]
[Source "ChessBase"]
[SourceDate "2018.08.24"]
[SourceVersion "1"]
[SourceVersionDate "2018.08.24"]
[SourceQuality "1"]

1. d4 d5 2. c4 e6 3. Nc3 Nf6 4. Nf3 c5 5. Bg5 cxd4 6. Nxd4 Bc5 7. e3 h6 8. Bh4 Nc6 9. cxd5 exd5 10. Bb5 Bxd4 11. Qxd4 0-0 12. Bxf6 Nxd4 13. Bxd8 Nxb5 14. Nxb5 Rxd8 15. 0-0 Bd7 16. Nc7 Rac8 17. Nxd5 Kf8 18. Nc3 Bc6 19. Rfd1 a6 20. a4 Bd7 21. h3 Be6 22. Rac1 Bb3 23. Rxd8+ Rxd8 24. Ne4 Bxa4 25. Rc7 Bc6 26. Nc5 Rd1+ 27. Kh2 Rd2 28. Nxb7 Bxb7 29. Rxb7 Rxf2 30. Rb8+ Ke7 31. Kg3 Rd2 32. Ra8 Rd6 33. Kf3 Rb6 34. g4 Kf6 35. Kf4 Rb4+ 36. Kg3 Rb6 37. Ra7 g5 38. Kf3 Ke5 39. Rxf7 Rxb2 40. Rf5+ Ke6 41. Ra5 Rb6 42. Ke2 Kd6 43. Kd3 Rc6 44. e4 Kd7 45. Kd4 Rd6+ 46. Kc5 Rc6+ 47. Kd4 Ke6 48. Re5+ Kd7 49. Rd5+ Rd6 50. e5 Rxd5+ 51. Kxd5 a5 52. Kc5 Ke6 53. Kb5 Kxe5 54. Kxa5 Kf4 55. Kb4 Kg3 56. Kc3 Kxh3 57. Kd3 Kxg4 58. Ke2 Kg3 59. Kf1 Kh2 60. Kf2 g4 0-1

[Event "Styrian op U14/18 25th"]
[Site "Mureck"]
[Date "2018.08.03"]
[Round "3"]
[White "Karner, Stefan"]
[Black "Jauschneg, Fridolin"]
[Result "0-1"]
[WhiteElo "1543"]
[BlackElo "1219"]
[PlyCount "110"]
[EventDate "2018.08.01"]
[EventType "swiss"]
[EventRounds "9"]
[EventCountry "AUT"]
[SourceTitle "CBM 186 Extra"]
[Source "ChessBase"]
[SourceDate "2018.08.24"]
[SourceVersion "1"]
[SourceVersionDate "2018.08.24"]
[SourceQuality "1"]

1. d4 Nf6 2. c4 e6 3. Nc3 d5 4. Nf3 c5 5. e3 Nc6 6. b3 a6 7. dxc5 Bxc5 8. Bb2 0-0 9. Be2 dxc4 10. Bxc4 b5 11. Bd3 Bb7 12. 0-0 Qc7 13. Qc2 Nb4 14. Qe2 Nxd3 15. Qxd3 Ng4 16. Ne4 f5 17. Neg5 Bxf3 18. Nxf3 Rad8 19. Qc3 Rf7 20. h3 Nf6 21. Rac1 Ne4 22. Qe5 Qxe5 23. Bxe5 Rfd7 24. Nd4 Kf7 25. Bxg7 Rd5 26. Rfd1 Bxd4 27. Bxd4 e5 28. f3 Nf6 29. Rc7+ R8d7 30. Rxd7+ Nxd7 31. Kf2 exd4 32. Rxd4 Rxd4 33. exd4 Nb6 34. g4 Kg6 35. gxf5+ Kxf5 36. Kg3 Nd5 37. h4 Nf4 38. Kf2 b4 39. Ke3 Ng2+ 40. Kd3 Nxh4 41. Kc4 Nxf3 42. d5 h5 43. Kc5 h4 44. d6 Ke6 45. Kc6 Ne5+ 46. Kc7 h3 47. Kb6 h2 48. Ka5 h1Q 49. d7 Nxd7 50. a4 Qh5+ 51. Kxa6 Kd6 52. Kb7 Qd5+ 53. Ka6 Nb8+ 54. Kb6 Qc6+ 55. Ka5 Qc5# 0-1

[Event "Steyr Landesliga 1718"]
[Site "Austria"]
[Date "2017.11.18"]
[Round "5.8"]
[White "Karner, Stefan"]
[Black "Schneidhofer, Dominik"]
[Result "1-0"]
[WhiteElo "1473"]
[BlackElo "1516"]
[PlyCount "53"]
[EventDate "2017.09.30"]
[EventType "team-tourn"]
[EventRounds "11"]
[EventCountry "AUT"]
[SourceTitle "EXT 2019"]
[Source "ChessBase"]
[SourceDate "2018.10.10"]
[SourceVersion "1"]
[SourceVersionDate "2018.10.10"]
[SourceQuality "1"]
[WhiteTeam "Graz Styria"]
[BlackTeam "Ratten Krieglach"]
[WhiteTeamCountry "AUT"]
[BlackTeamCountry "AUT"]

1. d4 Nf6 2. c4 g6 3. Nc3 Bg7 4. e4 d6 5. Nf3 0-0 6. Bf4 Nh5 7. Be3 Nf6 8. Be2 e5 9. 0-0 Nbd7 10. b4 Re8 11. d5 a5 12. a3 Nb8 13. c5 axb4 14. axb4 Rxa1 15. Qxa1 c6 16. dxc6 bxc6 17. Rd1 Bf8 18. Bg5 h6 19. Be3 Qc7 20. cxd6 Bxd6 21. b5 Ng4 22. b6 Qe7 23. Qc1 Nxe3 24. Qxe3 Kg7 25. Qd2 Bb7 26. Qxd6 Nd7 27. Qxd7 1-0

[Event "Styrian op U14/16 24th"]
[Site "Mureck"]
[Date "2017.08.08"]
[Round "7"]
[White "Karner, Stefan"]
[Black "Lackner, Lorenz"]
[Result "1/2-1/2"]
[WhiteElo "1312"]
[BlackElo "1535"]
[PlyCount "69"]
[EventDate "2017.08.02"]
[EventType "swiss"]
[EventRounds "9"]
[EventCountry "AUT"]
[SourceTitle "EXT 2019"]
[Source "ChessBase"]
[SourceDate "2018.10.10"]
[SourceVersion "1"]
[SourceVersionDate "2018.10.10"]
[SourceQuality "1"]

1. d4 f5 2. Bg5 g6 3. e3 Bg7 4. Nf3 d6 5. h3 Nf6 6. Bc4 e6 7. Nc3 0-0 8. e4 fxe4 9. Nxe4 Qe8 10. Nxf6+ Bxf6 11. Bxf6 Rxf6 12. 0-0 Nd7 13. Qd2 Nb6 14. Bb3 Bd7 15. a3 Qf8 16. Nh2 Bb5 17. Ng4 Bxf1 18. Nxf6+ Qxf6 19. Rxf1 d5 20. Qb4 Qf8 21. Qe1 Re8 22. Qe5 Re7 23. Re1 Qf5 24. Kf1 Rf7 25. Qxf5 exf5 26. Re5 c6 27. c3 Kf8 28. Ke2 Re7 29. Rxe7 Kxe7 30. Kf3 a5 31. Kf4 Kf6 32. h4 a4 33. Bc2 h6 34. f3 Nd7 35. Bb1 1/2-1/2

[Event "Styrian op U14/16 23rd"]
[Site "Mureck"]
[Date "2016.08.05"]
[Round "3"]
[White "Knafl, Noah"]
[Black "Karner, Stefan"]
[Result "0-1"]
[WhiteElo "813"]
[BlackElo "1291"]
[PlyCount "102"]
[EventDate "2016.08.03"]
[EventType "swiss"]
[EventRounds "9"]
[EventCountry "AUT"]
[SourceTitle "CBM 174 Extra"]
[Source "ChessBase"]
[SourceDate "2016.10.10"]
[SourceVersion "1"]
[SourceVersionDate "2016.10.10"]
[SourceQuality "1"]

1. e4 c6 2. Bc4 d5 3. exd5 cxd5 4. Be2 Nc6 5. d4 Nf6 6. Bf4 Bf5 7. Bd3 Bxd3 8. Qxd3 e6 9. Nf3 Be7 10. Qb5 0-0 11. Qxb7 Nb4 12. Kd1 Rc8 13. c3 Nc6 14. Nbd2 h6 15. Qb5 Ng4 16. Qe2 Bd6 17. Ne5 Ngxe5 18. dxe5 Bc5 19. Qg4 Kh8 20. h4 Bxf2 21. Rf1 Bxh4 22. Rh1 g5 23. Qh5 Kh7 24. Rxh4 gxh4 25. Qxh6+ Kg8 26. Kc2 Ne7 27. Bg5 Nf5 28. Qh5 f6 29. Qg6+ Kh8 30. exf6 Rc7 31. Rh1 Rff7 32. g4 Qg8 33. gxf5 exf5 34. Rxh4+ Rh7 35. Qxf5 Rxh4 36. Bxh4 d4 37. c4 Qe8 38. b3 Rh7 39. a4 Kg8 40. Ne4 a6 41. Qg5+ Kh8 42. Nd6 Qe2+ 43. Qd2 d3+ 44. Kc1 Rxh4 45. Qxe2 dxe2 46. f7 e1Q+ 47. Kb2 Qd2+ 48. Ka3 Qxd6+ 49. Ka2 Rh2+ 50. Kb1 Qd3+ 51. Kc1 Qc2# 0-1

[Event "Styrian op U12/18 22nd"]
[Site "Mureck"]
[Date "2015.08.06"]
[Round "2"]
[White "Karner, Stefan"]
[Black "Martetschlaeger, Stefan"]
[Result "0-1"]
[WhiteElo "833"]
[BlackElo "1104"]
[PlyCount "46"]
[EventDate "2015.08.05"]
[EventType "swiss"]
[EventRounds "9"]
[EventCountry "AUT"]
[SourceTitle "EXT 2017"]
[Source "ChessBase"]
[SourceDate "2016.10.25"]
[SourceVersion "1"]
[SourceVersionDate "2016.10.25"]
[SourceQuality "1"]

1. e4 c5 2. Nc3 Nc6 3. Bb5 g6 4. Nf3 Bg7 5. 0-0 Nf6 6. d3 0-0 7. Nd5 Nxd5 8. exd5 Nd4 9. Nxd4 Bxd4 10. c3 Bg7 11. d4 a6 12. Be2 cxd4 13. cxd4 b5 14. Bf3 Bb7 15. b3 e5 16. dxe6 Bxf3 17. Qxf3 Bxd4 18. Rb1 fxe6 19. Qd1 Qb6 20. a4 Bxf2+ 21. Rxf2 Qxf2+ 22. Kh1 Qf1+ 23. Qxf1 Rxf1# 0-1